[Event "SRB-chT (Women)"]
[Site "Valjevo"]
[Date "2020.09.25"]
[Round "1.6"]
[White "Eric, Jovana"]
[Black "Matkovic, Simana"]
[Result "1-0"]
[WhiteElo "2292"]
[BlackElo "1964"]
[PlyCount "117"]
[EventDate "2020.09.25"]
[EventType "team-tourn"]
[EventRounds "11"]
[EventCountry "SRB"]
[SourceTitle "CBM 198 Extra"]
[Source "ChessBase"]
[SourceDate "2020.11.30"]
[SourceVersion "1"]
[SourceVersionDate "2020.11.30"]
[SourceQuality "1"]
[WhiteTeam "Belgrade Rad (W)"]
[BlackTeam "Sombor (W)"]
[WhiteTeamCountry "SRB"]
[BlackTeamCountry "SRB"]

1. e4 c5 2. Nf3 d6 3. Bb5+ Bd7 4. Bxd7+ Qxd7 5. 0-0 Nf6 6. Qe2 Nc6 7. c3 g6 8. d4 cxd4 9. cxd4 Bg7 10. Nc3 0-0 11. Rd1 d5 12. e5 Ne8 13. Bf4 Nc7 14. Qd2 Rfc8 15. Bh6 Bh8 16. Ne2 Ne6 17. h4 b5 18. h5 a5 19. Ng5 Ncd8 20. Qd3 Bg7 21. Nxe6 Nxe6 22. Bd2 gxh5 23. Ng3 h4 24. Nf5 Nf8 25. Nxh4 Ng6 26. Nf5 Bf8 27. Qh3 Qe6 28. g3 Rc2 29. Kg2 Nh8 30. Bg5 Ra7 31. Rac1 Rcc7 32. Rh1 Qg6 33. Bh6 Bxh6 34. Nxh6+ Kf8 35. Nf5 e6 36. Nd6 Kg8 37. Rxc7 Rxc7 38. Ne8 Qe4+ 39. Kh2 Qc2 40. Nxc7 Qxc7 41. Kg2 Qc2 42. Qh4 a4 43. Qd8+ Kg7 44. Qg5+ Qg6 45. Qxg6+ Nxg6 46. Rc1 Ne7 47. g4 b4 48. Rc7 Kf8 49. Kf3 Ke8 50. Ke3 Kd8 51. Ra7 h6 52. Rxa4 Nc6 53. Ra8+ Ke7 54. Rh8 Na5 55. b3 Nc6 56. Rxh6 Na7 57. f4 Nb5 58. Kd3 Nc3 59. a4 1-0

[Event "Senta op 23rd"]
[Site "Senta"]
[Date "2019.07.24"]
[Round "7"]
[White "Ilincic, Aleksa"]
[Black "Matkovic, Simana"]
[Result "1-0"]
[WhiteElo "2208"]
[BlackElo "1943"]
[PlyCount "31"]
[EventDate "2019.07.19"]
[EventType "swiss"]
[EventRounds "9"]
[EventCountry "SRB"]
[SourceTitle "EXT 2020"]
[Source "ChessBase"]
[SourceDate "2019.10.17"]
[SourceVersion "1"]
[SourceVersionDate "2019.10.17"]
[SourceQuality "1"]

1. e4 c5 2. Nc3 d6 3. f4 g6 4. Nf3 Bg7 5. Bc4 e6 6. 0-0 Nc6 7. d3 Nf6 8. Qe1 0-0 9. f5 Ng4 10. Bg5 Qc7 11. Qh4 exf5 12. Nd5 Qb8 13. h3 h6 14. hxg4 Bd4+ 15. Nxd4 hxg5 16. Qh6 1-0

[Event "Senta op 23rd"]
[Site "Senta"]
[Date "2019.07.23"]
[Round "6"]
[White "Matkovic, Simana"]
[Black "Soklovacki, Mila"]
[Result "1-0"]
[WhiteElo "1943"]
[BlackElo "1851"]
[PlyCount "77"]
[EventDate "2019.07.19"]
[EventType "swiss"]
[EventRounds "9"]
[EventCountry "SRB"]
[SourceTitle "EXT 2020"]
[Source "ChessBase"]
[SourceDate "2019.10.17"]
[SourceVersion "1"]
[SourceVersionDate "2019.10.17"]
[SourceQuality "1"]

1. d4 d5 2. Bf4 e6 3. e3 c5 4. c3 Nc6 5. Nd2 Nf6 6. Bd3 Bd6 7. Bxd6 Qxd6 8. f4 cxd4 9. cxd4 Qb4 10. Qc2 Ng4 11. a3 Qa5 12. Ke2 Qb6 13. Ngf3 h6 14. h3 Nf6 15. Qc5 Qxc5 16. dxc5 Bd7 17. b4 Rc8 18. Nb3 Ne4 19. Bxe4 dxe4 20. Nfd4 Nxd4+ 21. Nxd4 Ke7 22. Rhc1 Rc7 23. a4 Rhc8 24. Nb5 Bxb5+ 25. axb5 b6 26. c6 Rd8 27. Rd1 Rd5 28. Rxd5 exd5 29. g4 Ke6 30. Rd1 Rc8 31. Ra1 Rc7 32. Kd2 Kd6 33. Kc3 Ke6 34. Kd4 Kd6 35. f5 f6 36. Rc1 a6 37. bxa6 Rxc6 38. Rxc6+ Kxc6 39. b5+ 1-0

[Event "Senta op 23rd"]
[Site "Senta"]
[Date "2019.07.20"]
[Round "2"]
[White "Matkovic, Simana"]
[Black "Zhukov, Anton"]
[Result "0-1"]
[WhiteElo "1943"]
[BlackElo "2087"]
[PlyCount "82"]
[EventDate "2019.07.19"]
[EventType "swiss"]
[EventRounds "9"]
[EventCountry "SRB"]
[SourceTitle "EXT 2020"]
[Source "ChessBase"]
[SourceDate "2019.10.17"]
[SourceVersion "1"]
[SourceVersionDate "2019.10.17"]
[SourceQuality "1"]

1. d4 Nf6 2. Bf4 c5 3. e3 Qb6 4. Nc3 d6 5. Bb5+ Bd7 6. a4 a6 7. a5 Qc7 8. Bxd7+ Nbxd7 9. Nf3 g6 10. 0-0 Bg7 11. Ne2 0-0 12. c3 b6 13. axb6 Qxb6 14. Ra2 c4 15. Qa4 d5 16. Ne5 Nxe5 17. Bxe5 Qb7 18. Rfa1 Ne4 19. Bxg7 Kxg7 20. Qc2 Rfc8 21. f3 Nd6 22. Ra3 Rc6 23. b4 cxb3 24. Rxb3 Qc7 25. Nf4 e6 26. Nd3 Nc4 27. Qe2 a5 28. Nc5 Ra7 29. e4 h5 30. Qf2 Qe7 31. Qg3 dxe4 32. fxe4 e5 33. Qd3 Nd6 34. Rba3 Qc7 35. Qg3 exd4 36. cxd4 Nb5 37. Qxc7 Raxc7 38. Rxa5 Nxd4 39. R1a4 Ne2+ 40. Kf2 Nc3 41. Rc4 Rxc5 0-1

[Event "SRB-chT (Women)"]
[Site "Valjevo"]
[Date "2018.09.06"]
[Round "7.5"]
[White "Matkovic, Simana"]
[Black "Ostojic, Katarina"]
[Result "0-1"]
[WhiteElo "1937"]
[BlackElo "2134"]
[PlyCount "62"]
[EventDate "2018.08.31"]
[EventType "team-tourn"]
[EventRounds "11"]
[EventCountry "SRB"]
[SourceTitle "CBM 186 Extra"]
[Source "ChessBase"]
[SourceDate "2018.08.24"]
[SourceVersion "1"]
[SourceVersionDate "2018.08.24"]
[SourceQuality "1"]
[WhiteTeam "Sombor (W)"]
[BlackTeam "Crvena Zvezda (W)"]
[WhiteTeamCountry "SRB"]
[BlackTeamCountry "SRB"]

1. d4 Nf6 2. Bf4 c5 3. e3 Qb6 4. Nc3 cxd4 5. exd4 a6 6. a3 d5 7. Nf3 Nc6 8. Be2 e6 9. 0-0 Be7 10. Re1 0-0 11. Rb1 Ne4 12. Qd3 f5 13. Bf1 Bf6 14. Be3 Bd7 15. Ne2 Rac8 16. c3 Na5 17. Ne5 Bb5 18. Qd1 g5 19. Nd3 f4 20. Bc1 Bc4 21. b4 Nc6 22. Bb2 Bg7 23. f3 Bxd3 24. Qxd3 Ne5 25. Qc2 Nd6 26. Kh1 Nec4 27. Nc1 Ne3 28. Qd3 Ndc4 29. Nb3 Qc6 30. Bc1 e5 31. Be2 e4 0-1

[Event "Sombor Milicevic Memorial"]
[Site "Sombor"]
[Date "2017.11.27"]
[Round "7"]
[White "Matkovic, Simana"]
[Black "Ivkic, Josip"]
[Result "1-0"]
[WhiteElo "1947"]
[BlackElo "1823"]
[PlyCount "69"]
[EventDate "2017.11.13"]
[EventType "swiss"]
[EventRounds "9"]
[EventCountry "SRB"]
[SourceTitle "EXT 2019"]
[Source "ChessBase"]
[SourceDate "2018.10.10"]
[SourceVersion "1"]
[SourceVersionDate "2018.10.10"]
[SourceQuality "1"]

1. d4 Nf6 2. Bf4 e6 3. e3 d5 4. Bd3 Nbd7 5. Nd2 c5 6. c3 Be7 7. h3 0-0 8. Ngf3 Re8 9. 0-0 c4 10. Bc2 Nf8 11. e4 dxe4 12. Nxe4 Nd5 13. Bh2 b5 14. Qd2 a5 15. Rad1 Qb6 16. Rfe1 b4 17. Ba4 Rd8 18. Ne5 Bb7 19. Nxc4 bxc3 20. bxc3 Qa6 21. Ne5 Rac8 22. Qb2 f5 23. Nc5 Bxc5 24. dxc5 Rxc5 25. c4 Rxc4 26. Nxc4 Qxc4 27. Bb3 Qc6 28. Rc1 Qb5 29. a4 Qb6 30. Red1 Rd7 31. Be5 Nb4 32. Qc3 Be4 33. Rxd7 Nxd7 34. Qc8+ Nf8 35. Rc7 1-0

[Event "Palic Karadzic Memorial op"]
[Site "Palic"]
[Date "2017.11.02"]
[Round "8"]
[White "Anand, Nadar"]
[Black "Matkovic, Simana"]
[Result "1-0"]
[WhiteElo "2114"]
[BlackElo "1947"]
[PlyCount "77"]
[EventDate "2017.10.28"]
[EventType "swiss"]
[EventRounds "9"]
[EventCountry "SRB"]
[SourceTitle "CBM 181 Extra"]
[Source "ChessBase"]
[SourceDate "2017.12.12"]
[SourceVersion "1"]
[SourceVersionDate "2017.12.12"]
[SourceQuality "1"]

1. d4 d5 2. c4 e6 3. Nc3 Nf6 4. cxd5 exd5 5. Bg5 c6 6. Qc2 g6 7. Nxd5 Qxd5 8. Bxf6 Bb4+ 9. Kd1 0-0 10. e4 Qe6 11. Bg5 Re8 12. f3 c5 13. a3 Ba5 14. Qa4 Nc6 15. Bc4 Qd7 16. d5 a6 17. Kc1 Ne5 18. Qxa5 Nxc4 19. Qc3 Ne5 20. Bf4 f6 21. Ne2 b5 22. Bxe5 fxe5 23. Qxc5 Bb7 24. Nc3 Rac8 25. Qb6 Rc4 26. Kb1 Qc8 27. Rc1 Re7 28. Ka2 Kf7 29. g4 g5 30. Qh6 Qg8 31. Ne2 Bc8 32. Rxc4 bxc4 33. Rc1 Rc7 34. Qd6 Rb7 35. Rxc4 Qe8 36. Rc7+ Rxc7 37. Qxc7+ Bd7 38. Ng3 Kg8 39. Nh5 1-0

[Event "Palic Karadzic Memorial op"]
[Site "Palic"]
[Date "2017.10.31"]
[Round "5"]
[White "Matkovic, Simana"]
[Black "Medancic, Rikard"]
[Result "0-1"]
[WhiteElo "1947"]
[BlackElo "2225"]
[PlyCount "78"]
[EventDate "2017.10.28"]
[EventType "swiss"]
[EventRounds "9"]
[EventCountry "SRB"]
[SourceTitle "CBM 181 Extra"]
[Source "ChessBase"]
[SourceDate "2017.12.12"]
[SourceVersion "1"]
[SourceVersionDate "2017.12.12"]
[SourceQuality "1"]

1. d4 b5 2. Nf3 Bb7 3. Bf4 Nf6 4. e3 a6 5. Nbd2 e6 6. h3 c5 7. c3 Nc6 8. Bd3 Be7 9. 0-0 0-0 10. Qe2 Qb6 11. dxc5 Qxc5 12. Nb3 Qb6 13. a3 d6 14. e4 Rfd8 15. Rad1 h6 16. Rd2 Rac8 17. Rfd1 Nd7 18. Bc2 e5 19. Be3 Qc7 20. Nh2 Nf6 21. f3 Rb8 22. Nf1 Bc8 23. Bf2 a5 24. c4 bxc4 25. Qxc4 Be6 26. Qa4 Nd7 27. Rd5 Nb6 28. Bxb6 Qxb6+ 29. Kh2 Bxd5 30. exd5 Nd4 31. Nxd4 exd4 32. Rxd4 Qxb2 33. Rg4 Bf6 34. Qe4 Qe5+ 35. Ng3 Qxe4 36. Nxe4 Be5+ 37. f4 f5 38. Rh4 Bb2 39. Nd2 Bf6 0-1

[Event "Palic Karadzic Memorial op"]
[Site "Palic"]
[Date "2017.10.29"]
[Round "3"]
[White "Matkovic, Simana"]
[Black "Popovic, Aleksandar M"]
[Result "0-1"]
[WhiteElo "1947"]
[BlackElo "2263"]
[PlyCount "82"]
[EventDate "2017.10.28"]
[EventType "swiss"]
[EventRounds "9"]
[EventCountry "SRB"]
[SourceTitle "CBM 181 Extra"]
[Source "ChessBase"]
[SourceDate "2017.12.12"]
[SourceVersion "1"]
[SourceVersionDate "2017.12.12"]
[SourceQuality "1"]

1. d4 g6 2. Nf3 Bg7 3. Bf4 d6 4. e3 Nf6 5. Be2 0-0 6. h3 c5 7. c3 cxd4 8. exd4 Qb6 9. Qb3 Qa5 10. Nbd2 Nc6 11. 0-0 Rb8 12. a4 Be6 13. Qa3 Nh5 14. Bh2 Bh6 15. Rfe1 Nf4 16. Bf1 Nxh3+ 17. gxh3 Bxd2 18. Nxd2 Qg5+ 19. Bg3 Qxd2 20. Rad1 Qg5 21. h4 Qh5 22. Be2 Bg4 23. Rd2 Bxe2 24. Rdxe2 b5 25. b4 a5 26. axb5 axb4 27. Qa6 Qxb5 28. Qxb5 Rxb5 29. Rb1 bxc3 30. Rc1 Nxd4 31. Rxe7 c2 32. Re4 Rb1 33. Bf4 Nb3 34. Ree1 Nxc1 35. Bxc1 d5 36. Kf1 d4 37. Bd2 Re8 38. Rc1 d3 39. Bh6 f6 40. Bd2 Re2 41. Bf4 Rxc1+ 0-1

[Event "SRB-chT (Women)"]
[Site "Novi Sad"]
[Date "2017.09.08"]
[Round "8.3"]
[White "Rakic, Teodora"]
[Black "Matkovic, Simana"]
[Result "0-1"]
[WhiteElo "2052"]
[BlackElo "1952"]
[PlyCount "96"]
[EventDate "2017.09.01"]
[EventType "team-tourn"]
[EventRounds "11"]
[EventCountry "SRB"]
[SourceTitle "CBM 180 Extra"]
[Source "ChessBase"]
[SourceDate "2017.10.06"]
[SourceVersion "1"]
[SourceVersionDate "2017.10.06"]
[SourceQuality "1"]
[WhiteTeam "Cuprija Radnicki (W)"]
[BlackTeam "Sombor (W)"]
[WhiteTeamCountry "SRB"]
[BlackTeamCountry "SRB"]

1. d4 d5 2. c4 e6 3. Nc3 Nf6 4. cxd5 exd5 5. Bg5 c6 6. e3 Nbd7 7. Bd3 Be7 8. Qc2 Nh5 9. Bxe7 Qxe7 10. Nge2 g6 11. 0-0 0-0 12. Qd2 Re8 13. Rfe1 Ndf6 14. Nc1 Ng7 15. Nb3 Bf5 16. f3 Bxd3 17. Qxd3 Rad8 18. Qd2 Ne6 19. Qf2 Rd7 20. e4 dxe4 21. fxe4 Red8 22. e5 Ne8 23. Rad1 Qg5 24. g3 Qh6 25. Ne4 Rd5 26. Rf1 Qf8 27. Nec5 Ng5 28. Qe3 Qe7 29. Nxb7 Nh3+ 30. Kg2 Qxb7 31. Kxh3 Ng7 32. g4 Ne6 33. Qf2 a5 34. Nc1 Rxd4 35. Rxd4 Rxd4 36. Nb3 Rd3+ 37. Kg2 c5+ 38. Kg1 Ng5 39. Qg2 Qa7 40. Kh1 c4 41. Nc1 Re3 42. Ne2 Qc7 43. Nc3 Qxe5 44. Qd5 Qxd5+ 45. Nxd5 Re2 46. b3 cxb3 47. axb3 Rb2 48. Ra1 Nf3 0-1

[Event "SRB-chT (Women)"]
[Site "Novi Sad"]
[Date "2017.09.06"]
[Round "6.2"]
[White "Bojicic, Andjela"]
[Black "Matkovic, Simana"]
[Result "1-0"]
[WhiteElo "2138"]
[BlackElo "1952"]
[PlyCount "153"]
[EventDate "2017.09.01"]
[EventType "team-tourn"]
[EventRounds "11"]
[EventCountry "SRB"]
[SourceTitle "CBM 180 Extra"]
[Source "ChessBase"]
[SourceDate "2017.10.06"]
[SourceVersion "1"]
[SourceVersionDate "2017.10.06"]
[SourceQuality "1"]
[WhiteTeam "Nova Varos Zlatar (W)"]
[BlackTeam "Sombor (W)"]
[WhiteTeamCountry "SRB"]
[BlackTeamCountry "SRB"]

1. d4 d5 2. c4 e6 3. Nc3 Nf6 4. cxd5 exd5 5. Bg5 Be7 6. e3 c6 7. Bd3 Nbd7 8. Nf3 Nb6 9. Qc2 g6 10. 0-0 0-0 11. Ne5 Nh5 12. Bh6 Ng7 13. Qe2 Bg5 14. Bxg7 Kxg7 15. f4 Be7 16. f5 f6 17. Nf3 g5 18. e4 dxe4 19. Qxe4 Rh8 20. h4 h6 21. hxg5 hxg5 22. Nxg5 Qc7 23. Nh3 Rh6 24. Qg4+ Kh8 25. Rae1 Qd6 26. Re3 Bd7 27. Rfe1 Rg8 28. Qe4 Bd8 29. Qf4 Qxf4 30. Nxf4 Kh7 31. Ng6 Rh5 32. g4 Rh6 33. b4 a6 34. a4 Bc8 35. a5 Nd5 36. Nxd5 cxd5 37. Re8 Bd7 38. Nf8+ Kh8 39. Nxd7 Bc7 40. Rxg8+ Kxg8 41. Re6 Rh3 42. Bf1 Rg3+ 43. Kf2 Kg7 44. Nxf6 Rb3 45. Nxd5 Bd8 46. Re3 Bh4+ 47. Kf3 Rb2 48. Be2 Rd2 49. Rd3 Rb2 50. Rc3 Bd8 51. Rc8 Bg5 52. Rc7+ Kf8 53. Nf4 Bxf4 54. Kxf4 Rxe2 55. Rxb7 Rf2+ 56. Ke5 Re2+ 57. Kf6 Ke8 58. g5 Rc2 59. Rb8+ Kd7 60. g6 Rc6+ 61. Kf7 Kc7 62. Rb6 Rc1 63. g7 Re1 64. Re6 Rf1 65. g8Q Rxf5+ 66. Kg6 Rd5 67. Re7+ Kc6 68. Qc8+ Kb5 69. Rb7+ Ka4 70. Qc6+ Rb5 71. Rxb5 axb5 72. a6 Ka3 73. a7 Kb2 74. a8R Kb3 75. Rc8 Ka4 76. Qc2+ Kxb4 77. Qc3+ 1-0

[Event "SRB-chT (Women)"]
[Site "Novi Sad"]
[Date "2017.09.01"]
[Round "1.5"]
[White "Eric, Jovana"]
[Black "Matkovic, Simana"]
[Result "1-0"]
[WhiteElo "2257"]
[BlackElo "1952"]
[PlyCount "109"]
[EventDate "2017.09.01"]
[EventType "team-tourn"]
[EventRounds "11"]
[EventCountry "SRB"]
[SourceTitle "CBM 180 Extra"]
[Source "ChessBase"]
[SourceDate "2017.10.06"]
[SourceVersion "1"]
[SourceVersionDate "2017.10.06"]
[SourceQuality "1"]
[WhiteTeam "Goracici Jelica (W)"]
[BlackTeam "Sombor (W)"]
[WhiteTeamCountry "SRB"]
[BlackTeamCountry "SRB"]

1. e4 c5 2. Nf3 d6 3. d4 cxd4 4. Nxd4 Nf6 5. Nc3 a6 6. Be3 e5 7. Nb3 Be6 8. f3 Be7 9. Qd2 0-0 10. 0-0-0 Nbd7 11. g4 b5 12. Rg1 Qc7 13. g5 Nh5 14. Kb1 g6 15. h4 Nb6 16. Na5 b4 17. Ne2 Rfd8 18. Qxb4 Rab8 19. Qc3 Nc4 20. Nxc4 Bxc4 21. Ng3 Rdc8 22. Nxh5 gxh5 23. Bxc4 Qxc4 24. Qxc4 Rxc4 25. Rd5 Rc3 26. Re1 f6 27. gxf6 Bxf6 28. Rxd6 Bxh4 29. Rg1+ Kf7 30. Ba7 Rb7 31. Rh6 Rcc7 32. Rxh7+ Ke6 33. Rxh5 Bf6 34. Be3 Rf7 35. Rh6 Rbd7 36. Bg5 Rd8 37. Bxf6 Rxf6 38. Rxf6+ Kxf6 39. b4 Rb8 40. a3 a5 41. c3 axb4 42. cxb4 Ke6 43. Rg6+ Kd7 44. Rf6 Ke7 45. Rf5 Ke6 46. Kb2 Kd6 47. Kb3 Re8 48. a4 Kc6 49. Rf6+ Kb7 50. a5 Rc8 51. b5 Rc1 52. Rf7+ Kb8 53. a6 Ra1 54. Kb4 Ra2 55. Kc5 1-0

[Event "SRB-chT (Women)"]
[Site "Kragujevac"]
[Date "2015.08.28"]
[Round "9.1"]
[White "Panic, Anastasija"]
[Black "Matkovic, Simana"]
[Result "1-0"]
[WhiteElo "1879"]
[BlackElo "1884"]
[PlyCount "161"]
[EventDate "2015.08.20"]
[EventType "team-tourn"]
[EventRounds "11"]
[EventCountry "SRB"]
[SourceTitle "EXT 2016"]
[Source "ChessBase"]
[SourceDate "2015.10.08"]
[SourceVersion "1"]
[SourceVersionDate "2015.10.08"]
[SourceQuality "1"]
[WhiteTeam "Lestane (W)"]
[BlackTeam "Sombor (W)"]
[WhiteTeamCountry "SRB"]
[BlackTeamCountry "SRB"]

1. d4 d5 2. c4 e6 3. Nc3 Nf6 4. cxd5 exd5 5. Bg5 Be7 6. Qc2 g6 7. e3 c6 8. Bd3 0-0 9. Nge2 Nbd7 10. h4 Ne4 11. Bxe7 Qxe7 12. Nxe4 dxe4 13. Bxe4 f5 14. Bf3 Nf6 15. Nf4 Qb4+ 16. Qc3 Qxc3+ 17. bxc3 Bd7 18. c4 b6 19. Nd3 Rac8 20. Ne5 Be8 21. 0-0 Kg7 22. a4 Ng8 23. Rfc1 Ne7 24. c5 Rf6 25. Rc2 Re6 26. Rb1 Rb8 27. Rcb2 Nc8 28. Nc4 b5 29. axb5 cxb5 30. d5 Ra6 31. c6 Ra4 32. Rxb5 Rxb5 33. Rxb5 Rxc4 34. Rb8 Nd6 35. Rd8 Nb5 36. Rxe8 a5 37. Ra8 a4 38. g3 a3 39. Kg2 Rc2 40. d6 Nxd6 41. Rxa3 h6 42. Rd3 Ne4 43. Bxe4 fxe4 44. Rd4 Rxc6 45. Rxe4 Rc2 46. g4 Kf6 47. Rf4+ Kg7 48. Kf3 g5 49. hxg5 hxg5 50. Rf5 Kg6 51. Ra5 Rc4 52. Ra6+ Kf7 53. Ra3 Kf6 54. Kg3 Rc1 55. f4 gxf4+ 56. exf4 Rg1+ 57. Kf3 Rf1+ 58. Ke4 Re1+ 59. Re3 Rg1 60. g5+ Kg6 61. Ke5 Rf1 62. Re4 Rf3 63. Rb4 Re3+ 64. Re4 Rf3 65. Ke6 Rf1 66. Ke7 Kg7 67. Ke6 Kg6 68. Ke5 Rf3 69. Re1 Rf2 70. Ke4 Ra2 71. Kf3 Kf7 72. f5 Ra4 73. Re4 Ra1 74. Kf4 Ra5 75. g6+ Kg7 76. Re7+ Kf8 77. f6 Ra8 78. Kg5 Kg8 79. Kh6 Rb8 80. f7+ Kf8 81. Re8+ 1-0

[Event "SRB-chT (Women)"]
[Site "Kragujevac"]
[Date "2015.08.24"]
[Round "5.3"]
[White "Zarkovic, Mila"]
[Black "Matkovic, Simana"]
[Result "1/2-1/2"]
[WhiteElo "2224"]
[BlackElo "1884"]
[PlyCount "95"]
[EventDate "2015.08.20"]
[EventType "team-tourn"]
[EventRounds "11"]
[EventCountry "SRB"]
[SourceTitle "EXT 2016"]
[Source "ChessBase"]
[SourceDate "2015.10.08"]
[SourceVersion "1"]
[SourceVersionDate "2015.10.08"]
[SourceQuality "1"]
[WhiteTeam "Belgrade Rad (W)"]
[BlackTeam "Sombor (W)"]
[WhiteTeamCountry "SRB"]
[BlackTeamCountry "SRB"]

1. e4 c5 2. Nf3 d6 3. d4 cxd4 4. Qxd4 Nc6 5. Bb5 Bd7 6. Bxc6 Bxc6 7. Nc3 Nf6 8. Bg5 e6 9. Qd3 Be7 10. Nd4 Rc8 11. 0-0-0 0-0 12. f4 a6 13. Kb1 b5 14. Nxc6 Rxc6 15. e5 dxe5 16. Qf3 Qc8 17. fxe5 Nd5 18. Nxd5 Bxg5 19. h4 Bd8 20. Ne3 Be7 21. Rd3 f6 22. exf6 Bxf6 23. Qe4 Qc7 24. Ng4 Rd6 25. Rf1 Qe7 26. h5 Rxd3 27. cxd3 Qd6 28. h6 Be7 29. Rxf8+ Bxf8 30. a3 a5 31. d4 a4 32. Ne5 b4 33. axb4 Qxb4 34. Qf3 Qe7 35. Kc2 Qc7+ 36. Kd3 a3 37. bxa3 Bxa3 38. Qg4 Qe7 39. Ke4 Bc1 40. hxg7 Qb7+ 41. Kd3 Qb3+ 42. Ke2 Qe3+ 43. Kf1 Qf4+ 44. Qxf4 Bxf4 45. Nd3 Be3 46. Nc5 Bxd4 47. Nxe6 Bxg7 48. Nxg7 1/2-1/2

[Event "SRB-chT (Women)"]
[Site "Kragujevac"]
[Date "2015.08.20"]
[Round "1.5"]
[White "Arsovic, Jelena"]
[Black "Matkovic, Simana"]
[Result "1/2-1/2"]
[WhiteElo "2061"]
[BlackElo "1884"]
[PlyCount "157"]
[EventDate "2015.08.20"]
[EventType "team-tourn"]
[EventRounds "11"]
[EventCountry "SRB"]
[SourceTitle "EXT 2016"]
[Source "ChessBase"]
[SourceDate "2015.10.08"]
[SourceVersion "1"]
[SourceVersionDate "2015.10.08"]
[SourceQuality "1"]
[WhiteTeam "Kac Jugovic (W)"]
[BlackTeam "Sombor (W)"]
[WhiteTeamCountry "SRB"]
[BlackTeamCountry "SRB"]

1. e4 c5 2. Nf3 d6 3. Bb5+ Bd7 4. Bxd7+ Qxd7 5. 0-0 Nf6 6. Re1 Nc6 7. c3 e6 8. d4 cxd4 9. cxd4 d5 10. e5 Ne4 11. Nbd2 Nxd2 12. Bxd2 Be7 13. Rc1 0-0 14. Rc3 Rac8 15. a3 b5 16. h4 b4 17. axb4 Nxb4 18. h5 Rxc3 19. Bxc3 Rc8 20. h6 Qb5 21. hxg7 Nd3 22. Qe2 a6 23. Ra1 Nf4 24. Qxb5 axb5 25. Ra7 b4 26. Rxe7 bxc3 27. bxc3 h6 28. Nh2 Ne2+ 29. Kf1 Nxc3 30. Ng4 Kxg7 31. Rb7 Ne4 32. Ke2 Rc2+ 33. Ke3 h5 34. Nf6 Rc3+ 35. Ke2 Nxf6 36. exf6+ Kxf6 37. g3 Ra3 38. Rb8 Kg7 39. Rb7 h4 40. gxh4 Rh3 41. f3 Rxh4 42. Ke3 Kg6 43. Re7 Rh1 44. Ra7 Rb1 45. Ra2 Rb3+ 46. Ke2 Kf5 47. Ra7 f6 48. Rf7 Ra3 49. Rf8 Kg5 50. Rg8+ Kf4 51. Rg4+ Kf5 52. Rh4 Ra4 53. Ke3 Ra3+ 54. Ke2 Ra2+ 55. Ke3 Rg2 56. Rh5+ Rg5 57. Rh8 Rg7 58. Re8 e5 59. Rd8 Ke6 60. Ra8 Rd7 61. Re8+ Kf7 62. Ra8 Rb7 63. dxe5 fxe5 64. Ra6 Ke7 65. Rh6 Rb3+ 66. Ke2 d4 67. Ra6 Rc3 68. Rb6 Kd7 69. Rh6 Rc6 70. Rh8 Kd6 71. Rd8+ Kc5 72. Kd3 Rd6 73. Rxd6 Kxd6 74. f4 Kd5 75. fxe5 Kxe5 76. Kd2 Ke4 77. Ke2 d3+ 78. Kd2 Kd4 79. Kd1 1/2-1/2